[Event "SR 2. liga A 2015/2016"]
[Site "?"]
[Date "2015.10.17"]
[Round "1.2"]
[White "Sekera, Branislav"]
[Black "Sukuba, Zdeno"]
[Result "0-1"]
[WhiteElo "2131"]
[BlackElo "2112"]
[PlyCount "107"]
[EventDate "2015.??.??"]

1. d4 Nf6 2. c4 e6 3. Nf3 b6 4. Bg5 Be7 5. e3 O-O 6. Bd3 c5 7. O-O Bb7 8. Nc3
cxd4 9. exd4 d6 10. Rc1 Na6 11. Qe2 Nc7 12. b4 Rc8 13. Rfd1 Nh5 $11 14. Be3 Nf6
15. h3 Re8 16. a3 Bf8 17. Bc2 Qe7 18. Ba4 Red8 19. Bg5 h6 20. Bh4 g5 21. Bg3
Nh5 22. Bh2 Nf4 $11 23. Bxf4 gxf4 24. Bc2 Bg7 25. Qd3 Ne8 26. Ne2 Qf6 27. d5 e5
28. Qe4 Rc7 29. Nc3 Ba6 30. Bd3 Rdc8 31. Qe2 Qe7 32. Nd2 Qd7 33. Qh5 Nf6 34.
Qf5 Qxf5 35. Bxf5 Rd8 36. Na2 Bc8 37. Bxc8 Rdxc8 38. Nc3 Ne8 39. a4 f5 40. Ne2
Nf6 41. Rb1 Ne4 42. Nxe4 fxe4 43. Nc3 Rxc4 44. Nb5 Bf8 45. a5 bxa5 46. bxa5
R8c5 47. Nxa7 Rxa5 48. Nc6 Ra2 49. Rb8 Rcc2 50. Nd8 Rxf2 51. Ne6 Rxg2+ 52. Kh1
Rh2+ 53. Kg1 Rag2+ 54. Kf1 0-1

[Event "SR 2. liga A 2015/2016"]
[Site "?"]
[Date "2015.10.17"]
[Round "1.2"]
[White "Biro, Karol"]
[Black "Bango, Lukas"]
[Result "0-1"]
[WhiteElo "2092"]
[BlackElo "2078"]
[PlyCount "69"]
[EventDate "2015.??.??"]

1. Nf3 g6 2. g3 Bg7 3. Bg2 e5 4. O-O d6 5. d3 f5 6. e4 Ne7 7. Nc3 Nbc6 8. Be3
O-O 9. Qd2 fxe4 10. dxe4 Bg4 11. Ne1 Qd7 12. f3 Be6 13. Nd5 Bf7 14. Nxe7+ Nxe7
15. Nd3 b6 16. f4 exf4 17. Nxf4 Bxb2 18. Bh3 Qc6 19. Ne6 Bxa1 20. Rxa1 Qxe4 21.
Nxf8 Rxf8 22. Bh6 Qe5 23. Re1 Qc5+ 24. Qf2 Qxf2+ 25. Kxf2 Re8 26. Bd7 Nf5 27.
Bxe8 Nxh6 28. Bd7 Kf8 29. a3 Ng8 30. h4 Nf6 31. Bc8 d5 32. Kf3 Ne4 33. Kf4 h6
34. Bb7 Nd2 35. Ke5 0-1

[Event "SR 2. liga A 2015/2016"]
[Site "?"]
[Date "2015.10.17"]
[Round "1.2"]
[White "Kozinka, Roman"]
[Black "Petreje, Juraj"]
[Result "0-1"]
[WhiteElo "1986"]
[BlackElo "2058"]
[PlyCount "54"]
[EventDate "2015.??.??"]

1. e4 d5 2. exd5 Qxd5 3. Nf3 Nf6 4. Nc3 Qa5 5. Be2 Bg4 6. O-O c6 7. d4 e6 8. h3
Bh5 9. Bf4 Be7 10. a3 Nbd7 11. b4 Qd8 12. Qd2 O-O 13. g4 Bg6 14. Bh2 Rc8 15.
Na4 Ne4 16. Qe3 b5 17. Nc3 Nef6 18. Ra2 a5 19. bxa5 Qxa5 20. Rb1 Nb6 21. Ne5
Rfd8 22. Nxg6 hxg6 23. Be5 Nfd5 24. Nxd5 Nxd5 25. Qd3 Nc3 26. Qd2 b4 27. Rb3
Nxa2 0-1

[Event "SR 2. liga A 2015/2016"]
[Site "?"]
[Date "2015.10.17"]
[Round "1.2"]
[White "Povysil, Peter"]
[Black "Zarecky, Eduard"]
[Result "0-1"]
[WhiteElo "2006"]
[BlackElo "1903"]
[PlyCount "64"]
[EventDate "2015.??.??"]

1. d4 d5 2. c4 e6 3. Nc3 Nf6 4. Nf3 c5 5. e3 cxd4 6. exd4 Nc6 7. a3 Be7 8. Bd3
dxc4 9. Bxc4 O-O 10. O-O a6 11. Re1 b5 12. Bd3 b4 13. Ne2 Bb7 14. Ng3 Qb6 15.
Be3 Nd5 16. Ne5 Nxe3 17. Rxe3 Bg5 18. Qh5 Bh6 19. Ne4 f5 20. Rg3 Qxd4 21. Nxc6
Bxc6 22. Qxh6 Bxe4 23. Bxe4 fxe4 24. Qxe6+ Rf7 25. Re3 Qxb2 26. Rf1 bxa3 27.
Qxe4 Raf8 28. Rh3 g6 29. Qe6 Kg7 30. Rb3 Rxf2 31. Qe7+ R8f7 32. Qxf7+ Rxf7 0-1

[Event "SR 2. liga A 2015/2016"]
[Site "?"]
[Date "2015.10.17"]
[Round "1.2"]
[White "Capanda, Jan"]
[Black "Mandak, Miroslav"]
[Result "0-1"]
[WhiteElo "1876"]
[BlackElo "1980"]
[PlyCount "148"]
[EventDate "2015.??.??"]

1. e4 d6 2. Bc4 Nf6 3. d3 c6 4. Bb3 a5 5. a4 Na6 6. Nc3 g6 7. f4 Bg7 8. Nf3 O-O
9. O-O d5 10. h3 Nc5 11. e5 Ne8 12. Ba2 Nc7 13. d4 N5a6 14. Be3 b6 15. Rc1 e6
16. Ne2 b5 17. c3 Qe7 18. h4 Bd7 19. Bb1 Rfb8 20. axb5 Rxb5 21. h5 Rxb2 22.
hxg6 fxg6 23. Ng5 Rf8 24. Ng3 Bh6 25. Nh3 c5 26. Bd3 c4 27. Bc2 Qa3 28. Ne2 Qe7
29. Ra1 a4 30. Nf2 Rfb8 31. Bc1 R2b7 32. Ng4 Bg7 33. Rf3 Ne8 34. Rh3 Qf7 35.
Qe1 Nac7 36. Qh4 Bf8 37. Ba3 Qg7 38. Qg5 Bxa3 39. Nh6+ Kf8 40. Rxa3 Rb2 41.
Bxa4 Bxa4 42. Re3 Bc2 43. g4 Qe7 44. Ra7 Be4 45. Ra1 Rb1+ 46. Rxb1 Rxb1+ 47.
Kf2 Rb2 48. Kg1 Nb5 49. Ng3 Bd3 50. Qxe7+ Kxe7 51. f5 gxf5 52. gxf5 exf5 53.
Ngxf5+ Ke6 54. Rf3 Nxc3 55. Ng7+ Nxg7 56. Rf6+ Ke7 57. Rf7+ Ke8 58. Rxg7 Ne2+
59. Kf2 Nxd4+ 60. Ke3 Nf5+ 61. Nxf5 Bxf5 62. Kd4 Rb5 63. e6 Bxe6 64. Rxh7 Bf7
65. Rh6 Ke7 66. Ra6 Rb7 67. Rc6 Rb1 68. Ke5 Re1+ 69. Kd4 Re4+ 70. Kc3 d4+ 71.
Kd2 d3 72. Rh6 Re2+ 73. Kc3 Rc2+ 74. Kd4 d2 0-1

[Event "SR 2. liga A 2015/2016"]
[Site "?"]
[Date "2015.10.17"]
[Round "1.2"]
[White "Kebis, Milos"]
[Black "Mackovic, Miroslav"]
[Result "1/2-1/2"]
[WhiteElo "1941"]
[BlackElo "1890"]
[PlyCount "115"]
[EventDate "2015.??.??"]

1. Nf3 Nf6 2. d4 g6 3. c4 d6 4. Nc3 Bg7 5. e4 O-O 6. Be2 Nfd7 7. O-O c5 8. Be3
b6 9. Qd2 Re8 10. Rfd1 Nc6 11. h3 cxd4 12. Nxd4 Bb7 13. Rac1 Rc8 14. b3 Nc5 15.
f3 Ne6 16. Nxc6 Bxc6 17. Nd5 Rb8 18. Qe1 Qc8 19. Qh4 Qb7 20. Qf2 Bxd5 21. cxd5
Nf8 22. Bb5 Rec8 23. Bc6 Qc7 24. Rc4 Qd8 25. b4 Rc7 26. Qc2 Rbc8 27. Qa4 f6 28.
Rdc1 g5 29. Qb3 Ng6 30. b5 Kh8 31. Ra4 h5 32. Qa3 Ne5 33. Rxa7 Rb8 34. Bd4 Bh6
35. Bxe5 fxe5 36. Rc4 Rxa7 37. Qxa7 g4 38. hxg4 hxg4 39. Qd7 Be3+ 40. Kf1 Qxd7
41. Bxd7 gxf3 42. gxf3 Kg7 43. Ke2 Bc5 44. Bc6 Rh8 45. Ra4 Rh2+ 46. Kd1 Rf2 47.
Bd7 Rxf3 48. Bf5 Rf2 49. Ra7 Kf6 50. Kc1 Bd4 51. a4 Ra2 52. Kb1 Ra3 53. Ra6 Kg5
54. Kc2 Rc3+ 55. Kd2 Rc7 56. Ra8 Bc3+ 57. Ke2 Kf6 58. Rc8 1/2-1/2

[Event "SR 2. liga A 2015/2016"]
[Site "?"]
[Date "2015.10.17"]
[Round "1.3"]
[White "Drtina, Milan"]
[Black "Janos, Martin"]
[Result "1-0"]
[WhiteElo "2174"]
[BlackElo "2269"]
[PlyCount "119"]
[EventDate "2015.??.??"]

1. e4 c5 2. c4 Nc6 3. Ne2 g6 4. d4 Bg7 5. d5 Nd4 6. Nxd4 Bxd4 7. Bd3 d6 8. Qc2
Nf6 9. h3 O-O 10. Nc3 Ne8 11. Bh6 Bg7 12. Bxg7 Nxg7 13. f4 e6 14. O-O f5 15. e5
a6 16. a4 Re8 17. Rfe1 dxe5 18. fxe5 Nh5 19. Qf2 b6 20. Be2 Ng7 21. Bf3 Rb8 22.
Rad1 Qg5 23. Qd2 Qh4 24. b3 a5 25. Qf2 Qg5 26. Nb5 Bd7 27. Nc7 Re7 28. dxe6
Bxe6 29. Nd5 Rf7 30. h4 Qh6 31. Nf6+ Kh8 32. Rd6 Rff8 33. Bd5 Bc8 34. Nd7 Bxd7
35. Rxd7 g5 36. e6 Rbe8 37. e7 Rf6 38. Rd8 gxh4 39. Qe2 h3 40. Qe5 hxg2 41. Bf7
Qh1+ 42. Kf2 Qh4+ 43. Kxg2 f4 44. Rg1 f3+ 45. Kf1 Qh3+ 46. Kf2 Qh4+ 47. Ke3
Qd4+ 48. Rxd4 cxd4+ 49. Kf2 Rxf7 50. Qxd4 Rexe7 51. Qxb6 Re2+ 52. Kg3 f2 53.
Rf1 Nf5+ 54. Kf3 Nd4+ 55. Kg2 Rg7+ 56. Kh1 Re4 57. Qd8+ Rg8 58. Qf6+ Rg7 59.
Rxf2 Reg4 60. Rd2 1-0

[Event "SR 2. liga A 2015/2016"]
[Site "?"]
[Date "2015.10.17"]
[Round "1.3"]
[White "Fabry, Robert"]
[Black "Kovacocy, Pavel"]
[Result "1-0"]
[WhiteElo "2116"]
[BlackElo "2199"]
[PlyCount "133"]
[EventDate "2015.??.??"]

1. Nf3 g6 2. e4 c5 3. d4 cxd4 4. Nxd4 Nc6 5. Nc3 Bg7 6. Be3 Nf6 7. Be2 Qa5 8.
O-O O-O 9. Nb3 Qc7 10. f3 d6 11. Nb5 Qb8 12. c4 b6 13. Rc1 Bb7 14. Qd2 Rc8 15.
N3d4 a5 16. Nxc6 Bxc6 17. Nd4 Qc7 18. Bg5 Qd8 19. Rcd1 Bb7 20. Bh6 Qf8 21. Be3
Nd7 22. b3 h5 23. Nb5 Kh7 24. Nc3 Bh6 25. f4 Nc5 26. Bf3 Qg7 27. f5 Rf8 28.
Bxh6 Qxh6 29. Qxh6+ Kxh6 30. f6 exf6 31. Rxd6 Rae8 32. Rxb6 Bxe4 33. Nxe4 Nxe4
34. Bxe4 Rxe4 35. Rbxf6 Re2 36. Rxf7 Rxf7 37. Rxf7 Rxa2 38. Ra7 Rb2 39. Rxa5
Rxb3 40. h4 Rc3 41. Rc5 Kg7 42. Kf2 Kf6 43. Ke2 Rg3 44. Rg5 Rc3 45. c5 Ke7 46.
Kd2 Rc4 47. g3 Kd7 48. Kd3 Rc1 49. Kd4 Rd1+ 50. Ke5 Re1+ 51. Kf6 Re6+ 52. Kf7
Rc6 53. Rd5+ Kc7 54. Kg7 Re6 55. Rd6 Re7+ 56. Kh6 Re5 57. Rxg6 Rxc5 58. Rg5 Rc3
59. Kxh5 Kd7 60. g4 Ke8 61. Rf5 Rg3 62. g5 Ke7 63. g6 Rg1 64. Rg5 Rxg5+ 65.
Kxg5 Kf8 66. Kf6 Kg8 67. g7 1-0

[Event "SR 2. liga A 2015/2016"]
[Site "?"]
[Date "2015.10.17"]
[Round "1.3"]
[White "Nicolini, Alexander"]
[Black "Janos, Jozef"]
[Result "1-0"]
[WhiteElo "2142"]
[BlackElo "2133"]
[PlyCount "73"]
[EventDate "2015.??.??"]

1. e4 c5 2. Nf3 d6 3. c3 Nf6 4. Bd3 Nc6 5. Bc2 e5 6. O-O Be7 7. h3 O-O 8. Qe2
a6 9. Rd1 b5 10. d4 Qc7 11. Nbd2 Bd7 12. Nf1 Rac8 13. Ne3 cxd4 14. cxd4 Nxd4
15. Nxd4 exd4 16. Rxd4 Be6 17. Bd2 Qb6 18. Bc3 Rfe8 19. Rad1 a5 20. a3 Rc7 21.
Qd2 Ra8 22. Kh2 Ne8 23. Nd5 Bxd5 24. Rxd5 b4 25. axb4 axb4 26. Bd4 Qc6 27. Bb3
Nf6 28. Qg5 h6 29. Qg3 Qe8 30. Re1 Qf8 31. Rf5 Kh8 32. f4 Bd8 33. e5 dxe5 34.
fxe5 Ne8 35. Qf3 Ra6 36. Bxf7 Be7 37. Be6 1-0

[Event "SR 2. liga A 2015/2016"]
[Site "?"]
[Date "2015.10.17"]
[Round "1.3"]
[White "Sturc, Jan"]
[Black "Sturdik, Igor"]
[Result "1/2-1/2"]
[WhiteElo "2044"]
[BlackElo "1994"]
[PlyCount "52"]
[EventDate "2015.??.??"]

1. e4 Nf6 2. e5 Nd5 3. d4 d6 4. Nf3 Nc6 5. c4 Nb6 6. exd6 exd6 7. d5 Ne5 8. Nc3
Bg4 9. Be2 Nxf3+ 10. gxf3 Bh5 11. Qd4 Qd7 12. Qh4 Bg6 13. Qd4 a6 14. Be3 Be7
15. Qxg7 O-O-O 16. a4 Qf5 17. Qd4 Bf6 18. Qd2 Rde8 19. Ne4 Nd7 20. Ng3 Qe5 21.
O-O-O Nc5 22. Bxc5 dxc5 23. f4 Qe7 24. Rhe1 Qd7 25. f5 Bxf5 26. Nxf5 Qxf5
1/2-1/2

[Event "SR 2. liga A 2015/2016"]
[Site "?"]
[Date "2015.10.17"]
[Round "1.3"]
[White "Puchart, Vladimir"]
[Black "Novacek, Vladimir"]
[Result "0-1"]
[WhiteElo "2027"]
[BlackElo "2031"]
[PlyCount "64"]
[EventDate "2015.??.??"]

1. d4 g6 2. c4 Bg7 3. e4 d6 4. Nc3 Nc6 5. d5 Nd4 6. Be3 c5 7. Nge2 e5 8. dxe6
Nxe6 9. Qd2 Nf6 10. f3 O-O 11. O-O-O Qa5 12. Bh6 Rd8 13. Bxg7 Kxg7 14. h4 a6
15. h5 g5 16. h6+ Kh8 17. f4 gxf4 18. Nxf4 Nxe4 19. Qe1 Nxc3 20. Nxe6 Nxa2+ 21.
Kb1 Qxe1 22. Rxe1 Bxe6 23. Kxa2 b5 24. b3 Rg8 25. Rh4 Rg3 26. Rf4 Rg6 27. Rh4
bxc4 28. bxc4 Rb8 29. Rd1 Rb6 30. Ka1 Kg8 31. Re1 Kf8 32. Bd3 Rg3 0-1

[Event "SR 2. liga A 2015/2016"]
[Site "?"]
[Date "2015.10.17"]
[Round "1.3"]
[White "Hudec, Jan"]
[Black "Stetina, Erik"]
[Result "1-0"]
[WhiteElo "2017"]
[BlackElo "2018"]
[PlyCount "95"]
[EventDate "2015.??.??"]

1. d4 Nf6 2. c4 e6 3. Nc3 Bb4 4. e3 O-O 5. Bd3 Bxc3+ 6. bxc3 d6 7. Nf3 Qe7 8.
Qc2 e5 9. Ng5 h6 10. Ne4 Nbd7 11. Ng3 g6 12. O-O Re8 13. e4 Kg7 14. f4 b6 15.
a4 Bb7 16. fxe5 dxe5 17. Be3 Ng4 18. Rf3 f5 19. Bf2 Nxf2 20. Rxf2 f4 21. Nf1
Qd6 22. Nd2 exd4 23. cxd4 Qxd4 24. Nb3 Qe5 25. Raf1 Rf8 26. Qd2 g5 27. Bc2 Rad8
28. Nd4 Nf6 29. Nf5+ Kh7 30. Qe2 Bxe4 31. Ng3 Rfe8 32. Nxe4 Nxe4 33. Re1 Rd4
34. Qh5 Kg7 35. Rfe2 Qc5 36. Kf1 Qxc4 37. Qxe8 f3 38. Qe5+ Kg8 39. gxf3 Nd2+
40. Kf2 Rd8 41. Bf5 Qh4+ 42. Qg3 Qd4+ 43. Kg2 Rf8 44. Qe5 Nxf3 45. Kxf3 Qd3+
46. Kg2 Rxf5 47. Qe6+ Kg7 48. Qe4 1-0

[Event "SR 2. liga A 2015/2016"]
[Site "?"]
[Date "2015.10.17"]
[Round "1.3"]
[White "Doucha, Ludvig"]
[Black "Kuna, Vladimir"]
[Result "1/2-1/2"]
[WhiteElo "1992"]
[BlackElo "2013"]
[PlyCount "71"]
[EventDate "2015.??.??"]

1. e4 c5 2. c4 d6 3. Ne2 g6 4. d4 cxd4 5. Nxd4 Bg7 6. Nc3 Nf6 7. Be2 O-O 8. O-O
Nc6 9. Be3 Nxd4 10. Bxd4 Bd7 11. f4 Bc6 12. Bf3 Nd7 13. Bxg7 Kxg7 14. Qd4+ Kg8
15. b4 Qb6 16. Qxb6 Nxb6 17. b5 Bd7 18. Be2 Be6 19. Nd5 Bxd5 20. cxd5 Rac8 21.
Rac1 Rxc1 22. Rxc1 Rc8 23. Rxc8+ Nxc8 24. a4 Nb6 25. a5 Na4 26. Kf2 b6 27. axb6
axb6 28. Ke3 Nc5 29. Bd1 Kg7 30. Kd4 f6 31. g3 Kf7 32. f5 Kg7 33. h4 Nd7 34. g4
Ne5 35. Be2 Nf7 36. Bd1 1/2-1/2

[Event "SR 2. liga A 2015/2016"]
[Site "?"]
[Date "2015.10.17"]
[Round "1.3"]
[White "Hecht, Tomas"]
[Black "Mosny, Jaroslav"]
[Result "1/2-1/2"]
[WhiteElo "1963"]
[BlackElo "1976"]
[PlyCount "59"]
[EventDate "2015.??.??"]

1. e4 e5 2. Nf3 d6 3. d4 exd4 4. Nxd4 g6 5. Nc3 Bg7 6. Be3 Nf6 7. Be2 O-O 8.
O-O Re8 9. Bf3 Nbd7 10. Qd2 c6 11. Rad1 Ne5 12. Be2 Qc7 13. h3 b5 14. f4 Nc4
15. Bxc4 bxc4 16. e5 dxe5 17. fxe5 Qxe5 18. Bf4 Qa5 19. Nxc6 Qc5+ 20. Nd4 Bb7
21. Bh6 Ne4 22. Nxe4 Bxe4 23. Bxg7 Kxg7 24. Qf2 Qe7 25. Rde1 f5 26. c3 Qg5 27.
Nf3 Bxf3 28. Qxf3 Qf6 29. Qb7+ Qf7 30. Qc6 1/2-1/2

[Event "SR 2. liga A 2015/2016"]
[Site "?"]
[Date "2015.10.17"]
[Round "1.4"]
[White "Gasa, Andrej"]
[Black "Jancovic, Peter"]
[Result "0-1"]
[WhiteElo "2327"]
[BlackElo "2162"]
[PlyCount "92"]
[EventDate "2015.??.??"]

1. e4 c5 2. Nf3 d6 3. d4 cxd4 4. Nxd4 Nf6 5. Nc3 a6 6. Be2 e6 7. a4 Qc7 8. O-O
Be7 9. Kh1 O-O 10. f4 b6 11. Bf3 Bb7 12. Qe1 Nbd7 13. e5 Ne8 14. Bxb7 Qxb7 15.
Qg3 Rc8 16. Be3 g6 17. f5 dxe5 18. fxe6 exd4 19. exd7 Qxd7 20. Rad1 Bf6 21. Bh6
Bg7 22. Bxg7 Nxg7 23. Ne4 Nh5 24. Qb3 b5 25. Qf3 f5 26. Qb3+ Kh8 27. Ng5 Nf6
28. axb5 axb5 29. Ne6 Rfe8 30. Nxd4 Ng4 31. Rd3 Nf2+ 32. Kg1 Nxd3 33. Qxd3 b4
34. Rd1 Re4 35. c3 Qd6 36. Qf3 bxc3 37. bxc3 Qc5 38. Rd3 Re1+ 39. Kf2 Rc1 40.
Qe3 Rb1 41. h3 Rcb8 42. Qe6 R1b6 43. Qd7 Qe5 44. Re3 Qf4+ 45. Rf3 Rb2+ 46. Ke1
Qe4+ 0-1

[Event "SR 2. liga A 2015/2016"]
[Site "?"]
[Date "2015.10.17"]
[Round "1.4"]
[White "Slapak, Zdenek"]
[Black "Bury, Rastislav"]
[Result "1/2-1/2"]
[WhiteElo "2107"]
[BlackElo "2119"]
[PlyCount "49"]
[EventDate "2015.??.??"]

1. c4 Nf6 2. Nf3 e6 3. Nc3 d5 4. d4 c6 5. e3 Be7 6. Qc2 b6 7. b3 Bb7 8. Bb2
Nbd7 9. Bd3 c5 10. cxd5 exd5 11. O-O O-O 12. Rac1 Rc8 13. Rfd1 Qc7 14. Bf5 g6
15. Bh3 Rcd8 16. Ne5 Nxe5 17. dxe5 Ne4 18. Nxe4 dxe4 19. e6 f6 20. Qc4 Rd6 21.
Bg4 Bc6 22. a4 Kg7 23. Rxd6 Qxd6 24. Rd1 Qc7 25. f4 1/2-1/2

[Event "SR 2. liga A 2015/2016"]
[Site "?"]
[Date "2015.10.17"]
[Round "1.4"]
[White "Gasa, Patrik"]
[Black "Kolcak, Marek"]
[Result "1-0"]
[WhiteElo "2045"]
[BlackElo "2088"]
[PlyCount "75"]
[EventDate "2015.??.??"]

1. d4 d5 2. c4 dxc4 3. Nc3 e5 4. e3 exd4 5. exd4 Nc6 6. Be3 Nf6 7. Bxc4 Bd6 8.
Nge2 O-O 9. Qd2 Bf5 10. Ng3 Bg6 11. O-O Ng4 12. Bg5 Qd7 13. h3 Nxf2 14. Kxf2
Nxd4 15. Nge2 Nc2 16. Rad1 Qc6 17. Bb3 Qb6+ 18. Kf3 Nb4 19. Nd5 Nxd5 20. Qxd5
Rae8 21. Nc3 Re5 22. Qd2 Rfe8 23. g4 Qb4 24. Rfe1 h6 25. Rxe5 Bxe5 26. Bf4 Bxc3
27. bxc3 Be4+ 28. Kf2 Qb6+ 29. Qd4 c5 30. Qd6 Qb5 31. c4 Qb4 32. Qd2 Qa3 33.
Re1 f5 34. gxf5 a5 35. Rxe4 Rxe4 36. Qd5+ Kh8 37. Qxe4 a4 38. Bc2 1-0

[Event "SR 2. liga A 2015/2016"]
[Site "?"]
[Date "2015.10.17"]
[Round "1.4"]
[White "Sulek, Viliam"]
[Black "Ocko, Martin"]
[Result "0-1"]
[WhiteElo "2044"]
[BlackElo "1948"]
[PlyCount "86"]
[EventDate "2015.??.??"]

1. e4 e5 2. Nf3 Nc6 3. Bb5 Nd4 4. Nxd4 exd4 5. O-O Bc5 6. d3 c6 7. Ba4 d6 8.
Re1 h5 9. Bb3 Bg4 10. f3 Be6 11. Qe2 Qd7 12. Kh1 Ne7 13. c3 h4 14. cxd4 Bxd4
15. Be3 Bxe3 16. Qxe3 d5 17. f4 d4 18. Bxe6 Qxe6 19. Qf2 Qg4 20. Nd2 Ng6 21.
Rf1 O-O-O 22. Rac1 f5 23. e5 Ne7 24. Nc4 Rd5 25. a4 Kb8 26. h3 Qh5 27. Qd2 g5
28. a5 g4 29. a6 b6 30. Nd6 gxh3 31. gxh3 Rg8 32. Qd1 Qh7 33. Rg1 Rg3 34. Rxg3
hxg3 35. Kg2 Ng6 36. Qf1 Kc7 37. Ne8+ Kd8 38. Nf6 Qh4 39. Nxd5 cxd5 40. e6
Nxf4+ 41. Kf3 Nxe6 42. Qe1 Ng5+ 43. Ke2 Qh5+ 0-1

[Event "SR 2. liga A 2015/2016"]
[Site "?"]
[Date "2015.10.17"]
[Round "1.4"]
[White "Nemeckay, Rastislav"]
[Black "Vimmer, Michal"]
[Result "1/2-1/2"]
[WhiteElo "1983"]
[BlackElo "1997"]
[PlyCount "35"]
[EventDate "2015.??.??"]

1. e4 c6 2. d4 d5 3. Nc3 dxe4 4. Nxe4 Nd7 5. Nf3 Ngf6 6. Ng3 Qc7 7. Bd3 e6 8.
O-O c5 9. c3 b6 10. Qe2 Bd6 11. Nf5 O-O 12. Nxd6 Qxd6 13. Rd1 Bb7 14. dxc5 Qxc5
15. Be3 Qh5 16. Ng5 Qxe2 17. Bxe2 h6 18. Bf3 1/2-1/2

[Event "SR 2. liga A 2015/2016"]
[Site "?"]
[Date "2015.10.17"]
[Round "1.4"]
[White "Breja, Stanislav"]
[Black "Skapik, Branislav"]
[Result "1/2-1/2"]
[WhiteElo "1990"]
[BlackElo "1881"]
[PlyCount "38"]
[EventDate "2015.??.??"]

1. e4 e5 2. Nf3 Nc6 3. Bb5 a6 4. Bxc6 dxc6 5. Nc3 Bd6 6. d4 Bg4 7. dxe5 Bxf3 8.
Qxf3 Bxe5 9. Bf4 Qf6 10. Bxe5 Qxe5 11. O-O-O Nf6 12. Rd3 O-O 13. Qg3 Qxg3 14.
Rxg3 Rfe8 15. Re3 Rad8 16. f3 Nd5 17. Rd3 Nxc3 18. Rxc3 Rd6 19. Rd1 Red8
1/2-1/2

[Event "SR 2. liga A 2015/2016"]
[Site "?"]
[Date "2015.10.17"]
[Round "1.4"]
[White "Pericka, Pavol"]
[Black "Briestenska, Andrea"]
[Result "1/2-1/2"]
[WhiteElo "1799"]
[BlackElo "1978"]
[PlyCount "56"]
[EventDate "2015.??.??"]

1. e4 d6 2. Bc4 Nf6 3. d4 Bg4 4. Qd3 Nbd7 5. Qb3 e6 6. f3 Bh5 7. Qxb7 Rb8 8.
Qxa7 Nxe4 9. fxe4 Qh4+ 10. Kf1 Qf6+ 11. Nf3 Bxf3 12. gxf3 Qxf3+ 13. Kg1 Qg4+
14. Kf2 Qxe4 15. Re1 Qh4+ 16. Ke2 d5 17. Bd3 Bd6 18. Nd2 Qxh2+ 19. Kd1 O-O 20.
Nf3 Qg2 21. Be2 Qf2 22. Qa6 Nf6 23. Qd3 Kh8 24. Be3 Qg3 25. Rg1 Qh3 26. Ng5 Qf5
27. Rh1 Qxd3+ 28. Bxd3 h6 1/2-1/2

[Event "SR 2. liga A 2015/2016"]
[Site "?"]
[Date "2015.10.17"]
[Round "1.4"]
[White "Vadila, Ondrej"]
[Black "Ulehla, Jakub"]
[Result "1/2-1/2"]
[WhiteElo "1735"]
[BlackElo "1644"]
[PlyCount "63"]
[EventDate "2015.??.??"]

1. e4 c5 2. Nc3 Nc6 3. f4 e6 4. Bc4 Be7 5. Nf3 d6 6. O-O Nf6 7. d3 d5 8. exd5
exd5 9. Bb5 Bg4 10. Qe1 Bxf3 11. Bxc6+ bxc6 12. Rxf3 O-O 13. f5 Re8 14. Bg5 c4
15. Qh4 Qb6+ 16. d4 c5 17. Na4 Qb4 18. Nxc5 Bxc5 19. Bxf6 Re4 20. Qf2 Qxb2 21.
Rd1 Rae8 22. Bxg7 Kxg7 23. f6+ Kf8 24. dxc5 R8e6 25. h3 Re2 26. Qg3 Rxf6 27.
Rxf6 Qxf6 28. Rxd5 Rxc2 29. Qb8+ Kg7 30. Qg3+ Kf8 31. Qb8+ Kg7 32. Qg3+ 1/2-1/2

[Event "SR 2. liga A 2015/2016"]
[Site "?"]
[Date "2015.10.17"]
[Round "1.5"]
[White "Balogh, Peter"]
[Black "Duben, Igor"]
[Result "0-1"]
[WhiteElo "2178"]
[BlackElo "2205"]
[PlyCount "92"]
[EventDate "2015.??.??"]

1. e4 e6 2. d4 d5 3. Nc3 Nf6 4. e5 Nfd7 5. Nce2 c5 6. c3 Nc6 7. Nf3 cxd4 8.
cxd4 Qb6 9. a3 Be7 10. Nf4 a5 11. b3 g5 12. Ne2 g4 13. Nfg1 f6 14. exf6 Nxf6
15. Bb2 Ne4 16. Ng3 Nf6 17. h3 Bd6 18. Bd3 Bd7 19. N1e2 O-O-O 20. h4 Kb8 21.
O-O Ne7 22. Bc1 Nf5 23. Nxf5 exf5 24. g3 Rc8 25. b4 a4 26. Be3 Rhe8 27. Nf4 Ka8
28. Bc2 Bxf4 29. Bxf4 Ne4 30. Bxe4 Rxe4 31. Be5 Bb5 32. Rc1 Rxc1 33. Qxc1 Bxf1
34. Qc8+ Ka7 35. Kxf1 Qc6 36. Qd8 b6 37. Kg2 Ka6 38. Qf8 Qd7 39. h5 Re1 40. h6
Rc1 41. Bf4 Rc8 42. Qf6 Rc6 43. Qf8 Kb5 44. Qb8 Qe6 45. Be3 Rc2 46. Kg1 Ra2 0-1

[Event "SR 2. liga A 2015/2016"]
[Site "?"]
[Date "2015.10.17"]
[Round "1.5"]
[White "Sosovicka, Matej"]
[Black "Domany, Zsofia"]
[Result "1-0"]
[WhiteElo "2087"]
[BlackElo "2178"]
[PlyCount "129"]
[EventDate "2015.??.??"]

1. e4 c5 2. Nf3 Nc6 3. d4 cxd4 4. Nxd4 e5 5. Nb5 d6 6. c4 Be7 7. N1c3 a6 8. Na3
f5 9. exf5 Bxf5 10. Bd3 Be6 11. O-O Nf6 12. Nc2 O-O 13. Ne3 Rc8 14. b3 Qe8 15.
Bf5 Qd7 16. Bxe6+ Qxe6 17. Ncd5 Bd8 18. Ba3 Nd4 19. Bb2 Nxd5 20. Nxd5 Nf5 21.
Qd3 Nh4 22. Qe4 Qh6 23. Rad1 Rf5 24. Bc1 Qh5 25. Kh1 Rxf2 26. Ne3 Nf3 27. Ng4
Rxf1+ 28. Rxf1 Ng5 29. Qxb7 Qxg4 30. Bxg5 h6 31. Bxh6 Rc7 32. Qd5+ Kh7 33. Bc1
Qe2 34. Qf3 Qxf3 35. Rxf3 d5 36. Rc3 d4 37. Rh3+ Kg6 38. Kg1 e4 39. Kf1 Rf7+
40. Ke2 d3+ 41. Ke3 Kf5 42. Rh5+ g5 43. c5 Rd7 44. Rh8 Be7 45. b4 g4 46. Rh5+
Kg6 47. Re5 Bf6 48. c6 Rc7 49. Rc5 Be7 50. Rc4 Kf5 51. Kd4 Bf6+ 52. Kd5 Bg5 53.
Bxg5 Kxg5 54. Rxe4 Rc8 55. Re1 d2 56. Rd1 Kf4 57. a4 Ke3 58. b5 axb5 59. axb5
Ke2 60. Rxd2+ Kxd2 61. b6 Ke2 62. c7 Kf2 63. g3 Kg2 64. Kd6 Kxh2 65. b7 1-0

[Event "SR 2. liga A 2015/2016"]
[Site "?"]
[Date "2015.10.17"]
[Round "1.5"]
[White "Takacs, Laszlo"]
[Black "Oprea, Erik"]
[Result "0-1"]
[WhiteElo "2147"]
[BlackElo "2048"]
[PlyCount "80"]
[EventDate "2015.??.??"]

1. e4 e6 2. d4 d5 3. Nc3 Bb4 4. e5 f5 5. Nf3 Ne7 6. h4 c5 7. a3 Bxc3+ 8. bxc3
c4 9. a4 Qa5 10. Ra3 O-O 11. g3 Bd7 12. Bg5 Nbc6 13. Qb1 Rab8 14. Qb5 Nc8 15.
Qb2 Nb6 16. Qa1 h6 17. Be3 Nd8 18. h5 Nxa4 19. Be2 b5 20. O-O Nf7 21. Nh4 Rb7
22. Ng6 Rfb8 23. Kh2 Qd8 24. f4 Nh8 25. Nxh8 Kxh8 26. Bd2 a5 27. Rg1 Qe7 28.
Kh3 Qf8 29. Bf3 Qe8 30. Be2 b4 31. cxb4 axb4 32. Re3 c3 33. Be1 Bb5 34. Bf3 Nb2
35. Kh2 Nc4 36. Re2 Na3 37. Reg2 Ba4 38. Bd1 Bxc2 39. Rxc2 Nxc2 40. Bxc2 Qxh5+
0-1

[Event "SR 2. liga A 2015/2016"]
[Site "?"]
[Date "2015.10.17"]
[Round "1.5"]
[White "Sosovicka, Jakub"]
[Black "Cibulka, Vladimir"]
[Result "1/2-1/2"]
[WhiteElo "1933"]
[BlackElo "2180"]
[PlyCount "95"]
[EventDate "2015.??.??"]

1. e4 Nc6 2. Nf3 d6 3. d4 Nf6 4. Nc3 Bg4 5. Be3 e6 6. Be2 Be7 7. O-O O-O 8. Qd2
d5 9. e5 Ne4 10. Qe1 Nxc3 11. Qxc3 f6 12. exf6 Bxf6 13. Rad1 Qd6 14. Rfe1 Rae8
15. h3 Bh5 16. Qd2 Bg6 17. Bd3 Bxd3 18. Qxd3 a6 19. Qd2 Rf7 20. Bf4 Qd7 21. Ne5
Bxe5 22. Bxe5 Rf5 23. Bg3 Ne7 24. Qc3 c6 25. Re2 Ng6 26. Rde1 Qf7 27. Qc5 Qd7
28. Qd6 Qxd6 29. Bxd6 Kf7 30. c3 Rf6 31. Be5 Rf5 32. Re3 Nxe5 33. Rxe5 Rxe5 34.
Rxe5 Ke7 35. Kf1 Kd6 36. Ke2 c5 37. Kd2 cxd4 38. cxd4 Rc8 39. b3 a5 40. Re3 Rf8
41. f3 Rf4 42. Kd3 g5 43. Re5 h6 44. Kc3 b5 45. Kd3 Rf8 46. a3 b4 47. a4 Rc8
48. Kd2 1/2-1/2